| Tag |
First Indicator |
Second Indicator |
Subfields |
| LEADER |
00000cam a2200000 a 4500 |
| 001 |
in00005778905 |
| 005 |
20260417183104.8 |
| 008 |
010126s1973 txu 000 0 eng d |
| 040 |
|
|
|a TXI
|b eng
|c TXI
|d IRU
|d CQA
|d OCLCG
|d OCLCQ
|d OCLCA
|d OCLCF
|d TXI
|d OCLCQ
|d OCLCL
|
| 019 |
|
|
|a 1293705
|
| 035 |
|
|
|a (OCoLC)45798744
|z (OCoLC)1293705
|
| 043 |
|
|
|a n-us-nm
|
| 050 |
|
4 |
|a F804.S115
|b C76 1973
|
| 082 |
0 |
4 |
|a 978.962
|b S
|
| 100 |
1 |
|
|a Stanley, F.
|q (Francis),
|d 1908-1996.
|1 https://id.oclc.org/worldcat/entity/E39PCjBYBkP6f4QvMvGkwMg3Qq
|
| 245 |
1 |
4 |
|a The San Antonio, New Mexico story /
|c by F. Stanley [i.e. S.F.L. Crocchiola].
|
| 246 |
1 |
6 |
|a San Antonio story
|
| 260 |
|
|
|a Nazareth, Tex. :
|b [publisher not identified],
|c 1973.
|
| 300 |
|
|
|a 20 pages ;
|c 22 cm
|
| 336 |
|
|
|a text
|b txt
|2 rdacontent
|
| 337 |
|
|
|a unmediated
|b n
|2 rdamedia
|
| 338 |
|
|
|a volume
|b nc
|2 rdacarrier
|
| 500 |
|
|
|a "Limited to 400 copies."
|
| 500 |
|
|
|a The Cushing Library/Dykes copy [A1485348901A] is part of the Jim & Theresa Earle Collection.
|
| 500 |
|
|
|a The Cushing Library/Dykes copy [A1485348901A] is signed by author Francis Stanley.
|
| 520 |
|
|
|a "San Antonio de Seneca is on the main highway from Albuquerque to El Paso about eleven miles south of Socorro. Although little known to travelers it is one of the most historic communities in New Mexico. The town we know today is not the ancient pueblo but it has just as fascinating a story."--Page 2
|
| 651 |
|
0 |
|a San Antonio (N.M.)
|x History.
|
| 655 |
|
7 |
|a History.
|2 fast
|0 (OCoLC)fst01411628
|
| 758 |
|
|
|i has work:
|a The San Antonio, New Mexico story (Text)
|1 https://id.oclc.org/worldcat/entity/E39PCH3rCPpVjTWWvc7HGqd38K
|4 https://id.oclc.org/worldcat/ontology/hasWork
|
| 994 |
|
|
|a Z0
|b TXA
|
| 948 |
|
|
|h HELD BY TXA - 42 OTHER HOLDINGS
|
| 999 |
f |
f |
|i 51345ad5-ff3e-4060-9141-233a044192f3
|s e808b8a8-af06-473b-b121-d07167bf670d
|t 0
|
| 952 |
f |
f |
|p noncirc
|a Texas A&M University
|b College Station
|c Cushing Memorial Library & Archives
|s cush dyks
|d Cushing: Dykes (Does not check out)
|t 0
|e F804.S115 C76 1973
|h Library of Congress classification
|i unmediated -- volume
|m A1485348901A
|
| 998 |
f |
f |
|a F804.S115 C76 1973
|t 0
|l Cushing: Dykes (Does not check out)
|